Протокол № 15 заседания Секретариата ЦИК СССР от 27августа 1927 г. (опросный)

Доступно только в Электронных читальных залах Найти на картеНа карте
RUSMARC
00003957nac2a22002651x 450
0016e4bbad7-d586-4f36-8951-c19b00427e7e
00520170811130318.0
100##$a20170518l1927 k y0rusy50 ca
1010#$arus
102##$aRU
105##$ay z |||||
1220#$ad19270827
2001#$aПротокол № 15 заседания Секретариата ЦИК СССР от 27августа 1927 г. (опросный)
$j27 августа 1927
215##$a13 листов
251##$cДело
300##$aЗаголовок дела на папке: Опросный протокол № 15 Секретариата ЦИКС от 27/VIII 27 г.
300##$aМашинописный и рукописный текст
330##$aВходит в раздел описи: Протоколы совещаний при Председателе ЦИК СССР
461#0$1001796d4672-8a00-4986-b488-6e42273792cc
$12001
$aЦЕНТРАЛЬНЫЙ ИСПОЛНИТЕЛЬНЫЙ КОМИТЕТ СССР (ЦИК СССР)
$1251
$cФонд
$1852
$j3316
$gР
462#0$10015593f570-cd62-4a8d-a1d8-0c815fe27ed2
$12001
$aПротоколы заседаний Президиума ЦИК СССР, объединенных заседаний секретариатов ЦИК СССР и ВЦИК и совещаний при председателе ЦИК СССР. 1923-1938 гг.
$vД. 1438
$1251
$cОпись
$1852
$j12
5171#$aОпросный протокол № 15 Секретариата ЦИКС от 27/VIII 27 г.
60101$3RU\NLR\AUTH\880357276
$aСССР
$bЦИК
801#0$aRU
$bGA_RF
801#1$aRU
$bАО "НПО Опыт"
$c20170518
$2rusmarc
801#2$aRU
$bПБ им. Б.Н. Ельцина
$c20170811
$gRCR
$2rusmarc
852##$aГА РФ
$j1438
937##$d101781012
$hПБ
035##$aRuPRLIB51043613
856##$uhttp://readingroom.main.prlib.ru/item.aspx?id_node=n101781012&mode=full
Формат отображения